MDQL
is popping MORE tags! Check the
thread
!
Quizzes
Events
Quiz Creation
Community
Videos
Private Events
Remove Ads
Sign In
Join for FREE
Feedback
Dark Mode
Quiz Categories
Sports
Geography
Music
Movies
Television
Just For Fun
Miscellaneous
History
Literature
Language
Science
Gaming
Entertainment
Religion
Holiday
For Kids
Quiz Lab
Recent
Popular Today
Quiz Kudos Today
Editor Picks
Curator Picks
Quizzes by...
Day
Popularity
Type
Ratings
Length
Year
Community
Subscriptions
Recent Discussions
Orange Saloon
Badges
Playlists
Quests
Create
Leaderboards
Showdown
Live 5
Trivia Bingo
Activity
Puzzle Library
Sporcle Events
Private Events
Virtual Trivia
Globe League
Become a Host
Pub Owners
SporcleCon
Opinionation
Our Games
Videos
Blog
Mobile Apps
Partnerships
Remove Ads and Go Orange
Feedback
Science
Computer
Plants
Astronomy
Chemistry
Elements
Math
Animal
Physics
Anatomy
Biology
Geology
General Science
Science
Computer
Plants
Astronomy
Chemistry
Elements
Math
Animal
Physics
Anatomy
Biology
Geology
General Science
Random Quiz
Search Sporcle
×
Quiz Lab
Quiz Lab
Science
State
Type in answers that appear in a list
Type in answers that appear in a list
Classic
Best Score? Go Orange.
Solid, Liquid, or Gas Stats
Can you name the state of matter of each element at room temperature?
By
ImLordOfTheFlies
5m
30 Questions
420 Plays
420 Plays
420 Plays
Comments
Comments
Give Quiz Kudos
Give Quiz Kudos
-
- Ratings
hide this ad
Forced Order
Answers have to be entered in order
Answers have to be entered in order
Wrong Answers
Some wrong answers will appear in red
Some wrong answers will appear in red
Replay
Link that replays current quiz
Next Quiz
Link to next quiz in quiz playlist
You Got
0%
They Got
Avg Score
57%
Avg Friend Score
Upgrade to see
Score Distribution
Jump to the score distribution portion of the page
Score
0/30
Timer
05:00
0
Plays Today
Element
State of Matter
% Correct
Oxygen
???
92.1%
Hydrogen
???
72.6%
Cobalt
???
69.8%
Germanium
???
64.5%
Tellurium
???
62.6%
Nitrogen
???
61.9%
Helium
???
60.2%
Nickel
???
57.1%
Vanadium
???
55.5%
Yttrium
???
54.5%
Copper
???
53.8%
Aluminum
???
53.3%
Zinc
???
52.6%
Astatine
???
49.5%
Cadmium
???
44.5%
Element
State of Matter
% Correct
Americium
???
44.3%
Lithium
???
44.3%
Ruthenium
???
42.9%
Argon
???
42.1%
Ununoctium
???
41.7%
Bromine
???
41.2%
Osmium
???
40.2%
Krypton
???
40%
Radon
???
39.5%
Mercury
???
39%
Cesium
???
38.6%
Indium
???
38.3%
Seaborgium
???
38.1%
Chlorine
???
36.9%
Fluorine
???
35.2%
Quiz Playlist
Details
Report
Send in Message
Add To Playlist
Classic:
Type in answers that appear in a list
Forced Order:
Answers have to be entered in order
Wrong Answers:
Some wrong answers will appear in red
Last Updated: Feb 16, 2017
Quiz Scoreboard
CHALLENGE
Sign Up to Join the Scoreboard
Show All
Scores
Hide
Comments
May contain spoilers
Recently Published
5x2 Blitz: Bands
by SL_Kpop136
Music
30s
Colored Red Africa Blitz
by spor1
Geography
30s
Find the 'City' Movie
by crazypaving
Movies
60s
More to Explore
Quiz From the Vault
Featured Blog Post
14 Easter Pick-up Lines to Find Eggs With
hide this ad
You Might Also Like...
Tags
State Quiz
gas
Liquid
Matter
room
solid
Temperature
Today's Top Quizzes in Science
Browse Science
hide this ad
Today's Top Quizzes in State
Browse State
Top Contributed Quizzes in Science
1
Windmill: Elements
2
17 TIMES TABLE
3
Glycolysis
4
Square Numbers Scrambled (1-50)
5
Astronomy Spelling Bee
6
'C' Flowers II
7
Vet Tech Pharmacology Drug Contraindications
8
Missing Vowel Minefield: Lanthanides
9
Sorting Squares: Animals by Continent
10
3-letter Elementary Words
Explore More
Trending Topics
Marvel
Anime
Kpop
Disney
Harry Potter
Crossword
NBA
Song
Puzzle
WWE
NFL
Pokémon
Country
Soccer
The Office
hide this ad
More By:
ImLordOfTheFlies
Quiz
Plays
Rating
Category
Featured
Created
Queen Song Start Spree
5,938
4.64
Music
Sep 26, 2011
2016 MLB Opening Day Lineups
4,515
4.50
Sports
Apr 5, 2016
Queen Song Start Spree 2
2,886
4.89
Music
Oct 2, 2011
Lord of the Flies Trivia
2,741
3.00
Literature
Feb 7, 2011
World Capital Blitz (Clickable)
876
4.40
Geography
Nov 29, 2013
Go to Creator's Profile
Score Distribution
Quiz Creator Spotlight
ImLordOfTheFlies
Follow
Send a Message
Quizzes Created
-
Created Quiz Play Count
-
More By This Creator
Popular Quizzes Today
1
Colored Red Africa Blitz
2
Find the 'City' Movie
3
Find the US States - No Outlines Minefield
4
5x2 Blitz: Bands
5
The Countries of the World
6
Find the US States
7
Find the Countries of Europe - No Outlines Minefield
8
US States
More Science Quizzes
‘D’ Medical Terms
Published
Trending Quizzes
Colored Red Europe Blitz I
Colored Red Europe Blitz II
Colored Red Africa Blitz II
Colored Red Europe Blitz III
Colored Red Africa Blitz III
Recently Updated
How Do You Spell That?
pecheneg
Godzilla Movies
pecheneg
Grab Bag: 4-10 Letters
pecheneg
2024 March Madness Bracket
pecheneg
Famous TV Couples
Peacemaker
Champions League XIs: Real Madrid
pecheneg
Largest US Cities 1790-2010
pecheneg
Rides in Walt Disney World
pecheneg
Most Oscar Losses (Acting)
pecheneg
Beyoncé Albums
pecheneg
Trending Topics
Anime
NBA
Disney
Harry Potter
Crossword
Marvel
Kpop
Puzzle
NFL
Country
WWE
Soccer
Pokémon
The Office
Song
Your Account Isn't Verified!
In order to create a playlist on Sporcle, you need to verify the email address you used during registration. Go to your
Sporcle Settings
to finish the process.
Report this User
Report this user for behavior that violates our
Community Guidelines
.
Details:
Send Report
Go to the Sporcle.com Mobile Site →
Comments